عرض عادي
عرض مارك
- Diagnostic Imaging
مدخل مصطلح موضوعي
001 - رقم الضبط
- حقل الضبط: 57002
003 - معرف رقم الضبط
- حقل الضبط: OSt
005 - تاريخ ووقت أخر عملية
- حقل الضبط: 20161204130820.0
008 - عناصر بيانات ثابتة الطول
- حقل تحكم ثابت الطول: 161204|| aca||aabn | a|a d
040 ## - مصدر الفهرسة
- هيئة الفهرسة الأصلية: OSt
- وكالة الكتابة: OSt
150 ## - مدخل-- مصطلح تاريخي
- عنصر مدخل المصطلح الموضوعي او الاسم الجغرافي: Diagnostic Imaging
- تفريع عام: methods.
670 ## - بيانات المصدر موجوده
- الاستشهاد بالمصدر: Work cat.: (OSt)0: The essential physics of medical imaging /, c2012.
